000 00640cam a2200193 a 4500
001 000009878
005 20260120073950.0
008 970618s1995 ec 000 p spa
040 _aDO-SdBNP
_cDLC
082 _aE861.44
_bV473h
100 1 _aVera Ortiz, Luis Gerardo.
_924811
245 1 0 _aHacia la última alborada /
_cLuis Gerardo Vera Ortiz O. F. M.
260 _aQuito :
_bConvenio Andres Bello, Instituto Andino de Artes Populares,
_c1995.
300 _a239 p. ;
_c21 cm.
650 4 _aPoesía ecuatoriana
_913387
650 4 _aLiteratura ecuatoriana
_93938
650 0 _aVida espiritual
_9268
910 _aCatalogación por copia / LC
999 _c9637
_d9637